[Event "ITA-chT Final 56th"]
[Site "Darfo Boario Terme"]
[Date "2025.04.10"]
[Round "6.18"]
[White "Candian, Lorenzo"]
[Black "Ortega, Lexy"]
[Result "1-0"]
[WhiteElo "2246"]
[BlackElo "2343"]
[PlyCount "81"]
[EventDate "2025.04.07"]
[EventType "team-swiss"]
[EventRounds "9"]
[EventCountry "ITA"]
[SourceTitle "CB16_2025"]
[SourceDate "2025.04.16"]
[SourceVersion "1"]
[SourceVersionDate "2025.04.16"]
[SourceQuality "1"]
[WhiteTeam "Asolo"]
[BlackTeam "CPS Master"]
[WhiteTeamCountry "ITA"]
[BlackTeamCountry "ITA"]

1. d4 d5 2. Nf3 Nf6 3. c4 e6 4. g3 dxc4 5. Bg2 Nc6 6. Qa4 Bb4+ 7. Bd2 Nd5 8. Bxb4 Ndxb4 9. 0-0 Rb8 10. Nc3 a6 11. Ne5 Qxd4 12. Nxc6 Nxc6 13. Bxc6+ bxc6 14. Qxc6+ Qd7 15. Qxc4 Bb7 16. Rfd1 Qc6 17. Qxc6+ Bxc6 18. b3 Rd8 19. Rxd8+ Kxd8 20. Rd1+ Kc8 21. Rd4 Rd8 22. Rc4 Kb7 23. Rb4+ Kc8 24. Rc4 Kb7 25. Rb4+ Kc8 26. f3 Rd2 27. Kf2 Rc2 28. Rc4 Bb5 29. Nxb5 Rxc4 30. bxc4 axb5 31. cxb5 Kb7 32. Ke3 Kb6 33. a4 Kc5 34. Kd3 Kb4 35. Kd4 g5 36. g4 Kxa4 37. Kc5 Kb3 38. Kc6 Kc4 39. e4 f6 40. Kxc7 Kxb5 41. Kd6 1-0

[Event "ITA-chT Final 56th"]
[Site "Darfo Boario Terme"]
[Date "2025.04.09"]
[Round "4.18"]
[White "Rombaldoni, Denis"]
[Black "Candian, Lorenzo"]
[Result "0-1"]
[WhiteElo "2477"]
[BlackElo "2246"]
[PlyCount "84"]
[EventDate "2025.04.07"]
[EventType "team-swiss"]
[EventRounds "9"]
[EventCountry "ITA"]
[SourceTitle "CB16_2025"]
[SourceDate "2025.04.16"]
[SourceVersion "1"]
[SourceVersionDate "2025.04.16"]
[SourceQuality "1"]
[WhiteTeam "Chieti"]
[BlackTeam "Asolo"]
[WhiteTeamCountry "ITA"]
[BlackTeamCountry "ITA"]

1. Nf3 Nf6 2. g3 g6 3. b3 d5 4. Bb2 c5 5. c4 d4 6. b4 Bg7 7. Qa4+ Nfd7 8. h4 e5 9. d3 0-0 10. Nbd2 cxb4 11. Qxb4 Nc6 12. Qb5 a6 13. Qb3 Nc5 14. Qa3 b6 15. Bg2 Re8 16. Ng5 Bb7 17. Bd5 Re7 18. Nde4 Nxe4 19. dxe4 h6 20. Nf3 Na5 21. 0-0 Rc8 22. Rfc1 Rec7 23. Qd3 Bxd5 24. cxd5 Nc4 25. Rcb1 b5 26. Bc1 Nd6 27. Bd2 Rc3 28. Bxc3 Rxc3 29. Qd1 Nxe4 30. a4 Qxd5 31. axb5 axb5 32. h5 g5 33. Rc1 g4 34. Nh4 Nxg3 35. fxg3 Rxg3+ 36. Kf2 Rh3 37. Rc8+ Kh7 38. Qc2+ d3 39. Qc6 g3+ 40. Ke3 Qd4+ 41. Kd2 dxe2+ 42. Kxe2 Rxh4 0-1

[Event "ITA-chT Final 56th"]
[Site "Darfo Boario Terme"]
[Date "2025.04.08"]
[Round "3.22"]
[White "Candian, Lorenzo"]
[Black "Gilevich, Artem"]
[Result "0-1"]
[WhiteElo "2246"]
[BlackElo "2417"]
[PlyCount "66"]
[EventDate "2025.04.07"]
[EventType "team-swiss"]
[EventRounds "9"]
[EventCountry "ITA"]
[SourceTitle "CB16_2025"]
[SourceDate "2025.04.16"]
[SourceVersion "1"]
[SourceVersionDate "2025.04.16"]
[SourceQuality "1"]
[WhiteTeam "Asolo"]
[BlackTeam "Etna Scacchi"]
[WhiteTeamCountry "ITA"]
[BlackTeamCountry "ITA"]

1. d4 e6 2. c4 b6 3. e4 Bb4+ 4. Bd2 Bxd2+ 5. Nxd2 d6 6. Ngf3 Ne7 7. Bd3 e5 8. Qc2 Ng6 9. d5 0-0 10. h4 Na6 11. h5 Nf4 12. Bf1 f5 13. g3 fxe4 14. Nxe4 Nb4 15. Qc3 Nfd3+ 16. Ke2 Nc5 17. Nxc5 bxc5 18. Bg2 e4 19. Nd2 Bg4+ 20. Kf1 e3 21. Ne4 Bf5 22. h6 Qe7 23. hxg7 Qxg7 24. Qxg7+ Kxg7 25. f4 Rae8 26. Nc3 Nc2 27. Rc1 Bd3+ 28. Ne2 Nd4 29. Re1 Bxc4 30. b3 Bd3 31. Bh3 Nxe2 32. Rxe2 c4 33. bxc4 Rb8 0-1

[Event "Lienz op 22nd"]
[Site "Lienz"]
[Date "2025.02.12"]
[Round "6"]
[White "Candian, Lorenzo"]
[Black "Frescura, Davide"]
[Result "1-0"]
[WhiteElo "2271"]
[BlackElo "1996"]
[PlyCount "43"]
[EventDate "2025.02.08"]
[EventType "swiss"]
[EventRounds "9"]
[EventCountry "AUT"]
[SourceTitle "CB08_2025"]
[SourceDate "2025.02.19"]
[SourceVersion "1"]
[SourceVersionDate "2025.02.19"]
[SourceQuality "1"]

1. d4 Nf6 2. Nf3 c5 3. d5 g6 4. c4 Bg7 5. Nc3 0-0 6. e4 d6 7. Be2 e6 8. Be3 exd5 9. cxd5 Bg4 10. 0-0 Bxf3 11. Bxf3 Nbd7 12. a4 Ne8 13. Qd2 Nc7 14. Bg5 Bf6 15. Bxf6 Qxf6 16. Bg4 Qe7 17. Rae1 a6 18. e5 f5 19. exf6 Qd8 20. Bxd7 Qxd7 21. Re7 Qd8 22. Rg7+ 1-0

[Event "Trieste op 26th"]
[Site "Trieste"]
[Date "2024.09.03"]
[Round "6"]
[White "Kovchan, Alexander"]
[Black "Candian, Lorenzo"]
[Result "1-0"]
[WhiteElo "2440"]
[BlackElo "2204"]
[PlyCount "193"]
[EventDate "2024.08.31"]
[EventType "swiss"]
[EventRounds "9"]
[EventCountry "ITA"]
[SourceTitle "EXT 2025"]
[Source "ChessBase"]
[SourceDate "2024.10.14"]
[SourceVersion "1"]
[SourceVersionDate "2024.10.14"]
[SourceQuality "1"]

1. e4 c5 2. Nf3 a6 3. c3 d5 4. exd5 Qd7 5. d6 Qxd6 6. d3 Qd5 7. d4 e6 8. Be2 Nf6 9. 0-0 cxd4 10. cxd4 Nc6 11. Bf4 Be7 12. Nc3 Qa5 13. Ne5 Nb4 14. Bf3 Nbd5 15. Nxd5 Nxd5 16. Bg3 0-0 17. a3 Rd8 18. Be4 Nf6 19. Nc4 Qb5 20. Bd3 Nd5 21. Rc1 Bf6 22. Be5 Bxe5 23. dxe5 Qe8 24. Nd6 Qe7 25. Be4 Rxd6 26. exd6 Qxd6 27. Qc2 g6 28. Qc5 Qxc5 29. Rxc5 Bd7 30. Bxd5 exd5 31. Rxd5 Be6 32. Rd6 Rc8 33. Rfd1 Rc2 34. R6d2 Rc5 35. b4 Rc3 36. Rd3 Rc7 37. f3 h5 38. h4 Kg7 39. Kf2 a5 40. bxa5 Rc5 41. Re3 Rxa5 42. Rb1 b5 43. Rb4 Kf6 44. Rc3 Ke5 45. Ke3 Kd6 46. Kd4 Bc4 47. a4 Bf1 48. axb5 Rxb5 49. Rxb5 Bxb5 50. Rb3 Bf1 51. Rb6+ Ke7 52. g3 Kf8 53. Ke5 Kg7 54. Kf4 Bc4 55. Kg5 Bd5 56. Rf6 Be6 57. Rf4 Bd5 58. g4 hxg4 59. Kxg4 Kh6 60. Rd4 Be6+ 61. Kf4 Kg7 62. Rd6 Kh6 63. Ke5 Kh5 64. Rd4 Bb3 65. Rf4 Be6 66. Kd4 Bb3 67. Ke3 Be6 68. Kf2 Bb3 69. Kg3 Be6 70. Re4 Bb3 71. Re8 Kh6 72. Kf4 Bc4 73. Rb8 Bd5 74. Rh8+ Kg7 75. Rd8 Bb7 76. Rd3 Kf6 77. Rb3 Bd5 78. Rb5 Bc4 79. Rc5 Bd3 80. Rd5 Bc2 81. Rg5 Bd1 82. Rc5 Bb3 83. h5 gxh5 84. Rxh5 Bc2 85. Rc5 Bb1 86. Rc6+ Kg7 87. Kg5 Bd3 88. Rc7 Bb1 89. f4 Ba2 90. f5 Bb3 91. f6+ Kh7 92. Rc3 Be6 93. Rg3 Kg8 94. Kh6+ Kf8 95. Ra3 Ke8 96. Kg7 Bd5 97. Ra7 1-0

[Event "Palmanova op 12th"]
[Site "Palmanova"]
[Date "2023.12.10"]
[Round "5"]
[White "Candian, Lorenzo"]
[Black "Lekic, Dusan"]
[Result "1/2-1/2"]
[WhiteElo "2137"]
[BlackElo "2335"]
[PlyCount "40"]
[EventDate "2023.12.08"]
[EventType "swiss"]
[EventRounds "5"]
[EventCountry "ITA"]
[SourceTitle "CBM 217 Extra"]
[Source "ChessBase"]
[SourceDate "2024.01.31"]
[SourceVersion "1"]
[SourceVersionDate "2024.01.31"]
[SourceQuality "1"]

1. e4 c5 2. Nf3 d6 3. d4 cxd4 4. Qxd4 Nf6 5. Nc3 Nc6 6. Bb5 Bd7 7. Bxc6 Bxc6 8. Bg5 e6 9. Qd3 Be7 10. Nd4 a6 11. 0-0-0 Rc8 12. f4 Qc7 13. Kb1 h6 14. Bh4 0-0 15. f5 Nxe4 16. Nxe4 Bxh4 17. fxe6 Bxe4 18. Qxe4 Bf6 19. Rhf1 d5 20. exf7+ Rxf7 1/2-1/2

[Event "Palmanova op 12th"]
[Site "Palmanova"]
[Date "2023.12.09"]
[Round "2"]
[White "Mammi, Ottavio"]
[Black "Candian, Lorenzo"]
[Result "0-1"]
[WhiteElo "1939"]
[BlackElo "2137"]
[PlyCount "114"]
[EventDate "2023.12.08"]
[EventType "swiss"]
[EventRounds "5"]
[EventCountry "ITA"]
[SourceTitle "CBM 217 Extra"]
[Source "ChessBase"]
[SourceDate "2024.01.31"]
[SourceVersion "1"]
[SourceVersionDate "2024.01.31"]
[SourceQuality "1"]

1. c4 e6 2. Nc3 d5 3. d4 Nf6 4. cxd5 exd5 5. Bg5 Be7 6. e3 0-0 7. Bd3 c6 8. Nge2 Nbd7 9. 0-0 Re8 10. f3 Nf8 11. Qc2 h6 12. Bh4 Ne6 13. Rad1 b6 14. Bf2 Bb7 15. Ng3 Rc8 16. h3 a6 17. Bf5 c5 18. dxc5 bxc5 19. Qb3 Qc7 20. e4 c4 21. Qc2 d4 22. Bxe6 fxe6 23. Rxd4 Bc5 24. Nge2 Bxd4 25. Nxd4 Bc6 26. Be3 e5 27. Nf5 Bd7 28. Ng3 Be6 29. Qf2 Nd7 30. f4 exf4 31. Bxf4 Qb7 32. Kh2 Nc5 33. Bd6 Nd3 34. Qd4 Rcd8 35. Nh5 Rd7 36. e5 Rf7 37. Rxf7 Qxf7 38. Qh4 g5 39. Qg3 Qxh5 40. Ne4 Qg6 41. Nf6+ Kg7 42. Nxe8+ Qxe8 43. b3 Qf7 44. bxc4 Bxc4 45. h4 Qf4 46. hxg5 hxg5 47. a3 Kg6 48. Qxf4 gxf4 49. g3 f3 50. g4 f2 51. Kg2 Bd5+ 52. Kf1 Be6 53. Bc5 Nxc5 54. Kxf2 Bxg4 55. Ke3 Be6 56. Kd4 Nb7 57. Ke4 Kg5 0-1

[Event "Palmanova op 12th"]
[Site "Palmanova"]
[Date "2023.12.08"]
[Round "1"]
[White "Candian, Lorenzo"]
[Black "Guernieri, Luca"]
[Result "1/2-1/2"]
[WhiteElo "2137"]
[BlackElo "1859"]
[PlyCount "46"]
[EventDate "2023.12.08"]
[EventType "swiss"]
[EventRounds "5"]
[EventCountry "ITA"]
[SourceTitle "CBM 217 Extra"]
[Source "ChessBase"]
[SourceDate "2024.01.31"]
[SourceVersion "1"]
[SourceVersionDate "2024.01.31"]
[SourceQuality "1"]

1. e4 d6 2. d4 Nf6 3. Nc3 e5 4. Nf3 Nbd7 5. Bc4 Be7 6. Ng5 0-0 7. Bxf7+ Rxf7 8. Ne6 Qe8 9. Nxc7 Qd8 10. Nxa8 b5 11. 0-0 Bb7 12. Nxb5 Bxa8 13. f3 Qb6 14. c4 a6 15. Nc3 exd4 16. Na4 Qa5 17. b3 Bc6 18. Nb2 Nc5 19. Bd2 Qa3 20. Bc1 Qa5 21. Qc2 Nfd7 22. Bd2 Qa3 23. b4 d3 1/2-1/2

[Event "Wch U16"]
[Site "Montesilvano"]
[Date "2023.11.14"]
[Round "2"]
[White "Candian, Lorenzo"]
[Black "Mattenberger, Matthias"]
[Result "1/2-1/2"]
[WhiteElo "2141"]
[BlackElo "2285"]
[PlyCount "90"]
[EventDate "2023.11.13"]
[EventType "swiss"]
[EventRounds "11"]
[EventCountry "ITA"]
[SourceTitle "CBM 217 Extra"]
[Source "ChessBase"]
[SourceDate "2024.01.31"]
[SourceVersion "1"]
[SourceVersionDate "2024.01.31"]
[SourceQuality "1"]

1. e4 c5 2. Nf3 d6 3. d4 cxd4 4. Qxd4 Nf6 5. Nc3 Nc6 6. Bb5 Bd7 7. Bxc6 Bxc6 8. Bg5 e6 9. Qd3 Be7 10. 0-0-0 0-0 11. Nd4 Qa5 12. f4 Rac8 13. g4 Rfe8 14. Bxf6 Bxf6 15. g5 Bxd4 16. Qxd4 e5 17. Qe3 exf4 18. Qxf4 Qe5 19. Rhf1 Qxf4+ 20. Rxf4 Re6 21. Rd4 h6 22. gxh6 Rxh6 23. h4 Re8 24. Nd1 Re5 25. Nf2 Rhe6 26. c4 Kf8 27. Kd2 Ke7 28. Kd3 Rg6 29. Ng4 Rh5 30. Ne3 Rg3 31. Ke2 g6 32. Rd3 Rg1 33. Kf2 Rh1 34. Kg3 Bd7 35. Nd5+ Kf8 36. Rb3 Bc8 37. Rbf3 Be6 38. Rb3 b6 39. Ra3 Rh3+ 40. Kg2 R3xh4 41. Rxh4 Rxh4 42. Nc3 Bxc4 43. Rxa7 Rh5 44. Rd7 b5 45. a3 Re5 1/2-1/2

[Event "World ol U16"]
[Site "Eindhoven"]
[Date "2023.08.16"]
[Round "6.9"]
[White "De Winter, Arthur"]
[Black "Candian, Lorenzo"]
[Result "1-0"]
[WhiteElo "2360"]
[BlackElo "2108"]
[PlyCount "91"]
[EventDate "2023.08.13"]
[EventType "team-swiss"]
[EventRounds "9"]
[EventCountry "NED"]
[SourceTitle "CBM 215 Extra"]
[Source "ChessBase"]
[SourceDate "2023.09.30"]
[SourceVersion "1"]
[SourceVersionDate "2023.09.30"]
[SourceQuality "1"]
[WhiteTeam "Netherlands"]
[BlackTeam "Italy"]
[WhiteTeamCountry "NED"]
[BlackTeamCountry "ITA"]

1. e4 c5 2. Nf3 Nc6 3. d4 cxd4 4. Nxd4 e5 5. Nb5 d6 6. N1c3 a6 7. Na3 Be7 8. Be3 Nf6 9. Nc4 b5 10. Nb6 Rb8 11. Nxc8 Qxc8 12. Be2 0-0 13. 0-0 b4 14. Nd5 Nxe4 15. a4 Bd8 16. Qd3 Nf6 17. Nxf6+ Bxf6 18. Qxa6 Qxa6 19. Bxa6 e4 20. Rad1 Rfd8 21. Bb5 Rbc8 22. Bb6 Rd7 23. Rfe1 d5 24. Rxe4 Rb7 25. Bxc6 Rxb6 26. Bxd5 g6 27. Bb3 Rc7 28. Rb1 Kg7 29. Kf1 Rc5 30. Ke2 Rb8 31. Bc4 Rb7 32. Bd3 h5 33. f4 Rd5 34. Bb5 Rd4 35. Rxd4 Bxd4 36. Kd3 Bc5 37. Re1 Kf6 38. Kc4 Bd6 39. g3 Rc7+ 40. Kd5 Be7 41. Bc6 Rc8 42. Re2 Bf8 43. Re8 Rxe8 44. Bxe8 Ke7 45. a5 Kd8 46. Bxf7 1-0

[Event "World ol U16"]
[Site "Eindhoven"]
[Date "2023.08.14"]
[Round "2.8"]
[White "Candian, Lorenzo"]
[Black "Vagman, Roy"]
[Result "1-0"]
[WhiteElo "2108"]
[BlackElo "2333"]
[PlyCount "77"]
[EventDate "2023.08.13"]
[EventType "team-swiss"]
[EventRounds "9"]
[EventCountry "NED"]
[SourceTitle "CBM 215 Extra"]
[Source "ChessBase"]
[SourceDate "2023.09.30"]
[SourceVersion "1"]
[SourceVersionDate "2023.09.30"]
[SourceQuality "1"]
[WhiteTeam "Italy"]
[BlackTeam "Israel"]
[WhiteTeamCountry "ITA"]
[BlackTeamCountry "ISR"]

1. e4 g6 2. d4 Bg7 3. Nc3 a6 4. Be3 d6 5. g3 b5 6. Bg2 Bb7 7. Nge2 Nd7 8. 0-0 e6 9. Nf4 Ne7 10. Nd3 Nb6 11. Ne2 0-0 12. c3 Rc8 13. f4 Nc4 14. Bf2 f5 15. e5 Bxg2 16. Kxg2 Qd7 17. b3 Nb6 18. Qc2 Rfd8 19. Rfd1 h6 20. Kg1 Bf8 21. Rdc1 Nc6 22. c4 bxc4 23. bxc4 dxe5 24. Nxe5 Nxe5 25. dxe5 c5 26. Rab1 Qc7 27. a4 Qc6 28. a5 Nd7 29. Rd1 Rb8 30. Nc3 Be7 31. Qa4 Qc7 32. Kg2 Nf8 33. Rxd8 Rxd8 34. Rb6 Nd7 35. Rxe6 Nf8 36. Rc6 Qb7 37. Nd5 Rd7 38. Rb6 Rxd5 39. Rxb7 1-0

[Event "Pula op 35th"]
[Site "Pula"]
[Date "2023.06.18"]
[Round "2"]
[White "Novosel, Lovro"]
[Black "Candian, Lorenzo"]
[Result "1-0"]
[WhiteElo "2400"]
[BlackElo "2063"]
[PlyCount "119"]
[EventDate "2023.06.17"]
[EventType "swiss"]
[EventRounds "9"]
[EventCountry "CRO"]
[SourceTitle "CBM 214 Extra"]
[Source "ChessBase"]
[SourceDate "2023.07.31"]
[SourceVersion "1"]
[SourceVersionDate "2023.07.31"]
[SourceQuality "1"]

1. d4 Nf6 2. Nf3 g6 3. g3 Bg7 4. Bg2 d5 5. 0-0 0-0 6. c4 dxc4 7. Na3 c3 8. bxc3 c5 9. e3 Nc6 10. Qe2 Bf5 11. Rd1 Qb6 12. h3 Be4 13. Nc4 Qa6 14. Bf1 cxd4 15. cxd4 Rac8 16. Bb2 Na5 17. Ncd2 Qxe2 18. Bxe2 Bc2 19. Rdc1 Nd5 20. Ne1 Ba4 21. Bf3 e6 22. Nd3 Bb5 23. Nc5 b6 24. a4 Bc6 25. Nd3 Bb7 26. e4 Nf6 27. Nf4 Rfd8 28. Kg2 g5 29. Nd3 h6 30. Ne5 Ne8 31. Bc3 Nc6 32. Nxc6 Bxc6 33. Nb3 Nd6 34. e5 Bxf3+ 35. Kxf3 Nc4 36. Ke4 Rd7 37. a5 Rdc7 38. axb6 axb6 39. Bb4 Bf8 40. Bxf8 Kxf8 41. Rcb1 Ke7 42. Ra4 f5+ 43. Kd3 Kd7 44. f3 Na5 45. Nxa5 bxa5 46. Rb3 Rc1 47. Rxa5 Rd1+ 48. Ke3 Re1+ 49. Kd2 Rcc1 50. Ra7+ Kc6 51. Rc3+ Rxc3 52. Kxc3 Re3+ 53. Kc4 Rxf3 54. Re7 Rxg3 55. Rxe6+ Kd7 56. Rxh6 Rg1 57. Kd5 Ra1 58. Rh7+ Kd8 59. Ke6 f4 60. d5 1-0

[Event "Bassano del Grappa Vergani Cup"]
[Site "Bassano del Grappa"]
[Date "2023.02.03"]
[Round "4"]
[White "Candian, Lorenzo"]
[Black "Wahlgreen, Noah Krug"]
[Result "0-1"]
[WhiteElo "2045"]
[BlackElo "2030"]
[PlyCount "50"]
[EventDate "2023.02.01"]
[EventType "swiss"]
[EventRounds "9"]
[EventCountry "ITA"]
[SourceTitle "CBM 212 Extra"]
[Source "ChessBase"]
[SourceDate "2023.03.31"]
[SourceVersion "1"]
[SourceVersionDate "2023.03.31"]
[SourceQuality "1"]

1. e4 c6 2. d4 d5 3. exd5 cxd5 4. c4 Nf6 5. Nc3 Nc6 6. Bf4 g6 7. c5 Bg7 8. Bb5 0-0 9. Nf3 Bg4 10. Bxc6 bxc6 11. Qa4 Bxf3 12. gxf3 Nh5 13. Be3 Qc7 14. Ne2 Rab8 15. Rb1 Rfe8 16. Kf1 e5 17. Qd1 Qd7 18. Kg2 exd4 19. Nxd4 Rb4 20. Qd2 Nf4+ 21. Bxf4 Rxd4 22. Qc1 Rc4 23. Qd2 Rd4 24. Qc1 Qf5 25. Bg3 Rc4 0-1

[Event "Bassano del Grappa Vergani Cup"]
[Site "Bassano del Grappa"]
[Date "2023.02.03"]
[Round "5"]
[White "Maione, Melissa"]
[Black "Candian, Lorenzo"]
[Result "0-1"]
[WhiteElo "2070"]
[BlackElo "2045"]
[PlyCount "88"]
[EventDate "2023.02.01"]
[EventType "swiss"]
[EventRounds "9"]
[EventCountry "ITA"]
[SourceTitle "CBM 212 Extra"]
[Source "ChessBase"]
[SourceDate "2023.03.31"]
[SourceVersion "1"]
[SourceVersionDate "2023.03.31"]
[SourceQuality "1"]

1. e4 e5 2. Nf3 Nf6 3. Nxe5 d6 4. Nf3 Nxe4 5. Nc3 Nxc3 6. dxc3 Be7 7. Bf4 Nd7 8. Qd2 Nc5 9. 0-0-0 Bg4 10. Be2 Ne6 11. Be3 a5 12. h3 Bh5 13. g4 Bg6 14. Nd4 Nxd4 15. Bxd4 0-0 16. f4 Be4 17. Rhg1 d5 18. Bd3 Bf6 19. Be3 Re8 20. g5 Be7 21. Qf2 Bd6 22. f5 Re5 23. Bxe4 Rxe4 24. g6 fxg6 25. fxg6 Qf8 26. gxh7+ Kxh7 27. Rxd5 Rxe3 28. Rf5 Qe8 29. Rf7 Bg3 30. Qf5+ Kg8 31. Rd7 Re1+ 32. Rxe1 Qxe1+ 33. Rd1 Qe3+ 34. Kb1 Qe5 35. Qf3 c6 36. a3 Rf8 37. Qg4 b5 38. Rg1 Bf2 39. Rg2 Bc5 40. Re2 Rf1+ 41. Ka2 Qd5+ 42. b3 Qd1 43. Qe6+ Kh8 44. Qe8+ Bf8 0-1

[Event "Wch U20 59th"]
[Site "Cala Gonone"]
[Date "2022.10.21"]
[Round "10"]
[White "Tripodi, Enzo"]
[Black "Candian, Lorenzo"]
[Result "0-1"]
[WhiteElo "2113"]
[BlackElo "2022"]
[PlyCount "66"]
[EventDate "2022.10.12"]
[EventType "swiss"]
[EventRounds "11"]
[EventCountry "ITA"]
[SourceTitle "CBM 210 Extra"]
[Source "ChessBase"]
[SourceDate "2022.11.30"]
[SourceVersion "1"]
[SourceVersionDate "2022.11.30"]
[SourceQuality "1"]

1. e4 c5 2. Nc3 Nc6 3. Nf3 d6 4. Bb5 e5 5. 0-0 Nge7 6. Re1 g6 7. d3 Bg7 8. Bg5 a6 9. Bc4 h6 10. Be3 0-0 11. a3 Nd4 12. Ne2 Nxf3+ 13. gxf3 g5 14. b4 b6 15. Rb1 Ng6 16. Bd5 Nh4 17. Bxa8 Qd7 18. Kh1 Qh3 19. Nf4 gxf4 20. Rg1 Nxf3 21. Rg2 Bg4 22. Bd5 fxe3 23. fxe3 Nxh2 24. Rxh2 Bf3+ 25. Qxf3 Qxf3+ 26. Rg2 Kh7 27. Kh2 Bf6 28. Rg3 Qf2+ 29. Kh3 Qxc2 30. Rf1 Bg5 31. Bxf7 Kg7 32. Rgf3 Qxd3 33. Bd5 Qxf1+ 0-1

[Event "Wch U20 59th"]
[Site "Cala Gonone"]
[Date "2022.10.16"]
[Round "6"]
[White "Casadio, Niccolo"]
[Black "Candian, Lorenzo"]
[Result "1-0"]
[WhiteElo "2201"]
[BlackElo "2022"]
[PlyCount "87"]
[EventDate "2022.10.12"]
[EventType "swiss"]
[EventRounds "11"]
[EventCountry "ITA"]
[SourceTitle "CBM 210 Extra"]
[Source "ChessBase"]
[SourceDate "2022.11.30"]
[SourceVersion "1"]
[SourceVersionDate "2022.11.30"]
[SourceQuality "1"]

1. d4 Nf6 2. Bf4 g6 3. Nc3 Bg7 4. e4 c5 5. d5 0-0 6. Nf3 d6 7. Be2 b5 8. Nxb5 Nxe4 9. c3 Qb6 10. Nd2 a6 11. Nxe4 axb5 12. Qd2 Nd7 13. Bh6 Ra4 14. Bxg7 Kxg7 15. Ng3 Nf6 16. 0-0 Bb7 17. Bf3 e6 18. b3 Ra3 19. c4 exd5 20. cxd5 Rfa8 21. Qb2 Qd8 22. Rfe1 Kg8 23. Qd2 Qf8 24. Qf4 Ne8 25. Re2 Rxb3 26. Rae1 Rb4 27. Qg5 h6 28. Qe7 Rb8 29. Qxe8 Rxe8 30. Rxe8 Rd4 31. Ne4 Qxe8 32. Nf6+ Kf8 33. Nxe8 Bxd5 34. Bxd5 Rxd5 35. Nc7 Rd2 36. Nxb5 d5 37. a4 d4 38. Ra1 Rc2 39. Kf1 d3 40. Na3 Rb2 41. a5 Rb4 42. Nb1 Rc4 43. Nd2 Rc2 44. a6 1-0

[Event "Wch U20 59th"]
[Site "Cala Gonone"]
[Date "2022.10.15"]
[Round "5"]
[White "Olsen, Filip Boe"]
[Black "Candian, Lorenzo"]
[Result "1-0"]
[WhiteElo "2433"]
[BlackElo "2022"]
[PlyCount "51"]
[EventDate "2022.10.12"]
[EventType "swiss"]
[EventRounds "11"]
[EventCountry "ITA"]
[SourceTitle "CBM 210 Extra"]
[Source "ChessBase"]
[SourceDate "2022.11.30"]
[SourceVersion "1"]
[SourceVersionDate "2022.11.30"]
[SourceQuality "1"]

1. d4 Nf6 2. c4 g6 3. Nc3 d5 4. h4 Bg7 5. h5 Nxh5 6. cxd5 c6 7. e4 Nf6 8. dxc6 bxc6 9. f3 Qc7 10. Nge2 Nbd7 11. Be3 Rb8 12. Qd2 Qa5 13. Rc1 Ba6 14. b3 c5 15. Kf2 Bxe2 16. Bxe2 cxd4 17. Bxd4 0-0 18. Rhd1 Rbc8 19. Bc4 Rfd8 20. Nb5 Qxd2+ 21. Rxd2 Bh6 22. Be3 Bxe3+ 23. Kxe3 a6 24. Na7 Ra8 25. Nc6 Re8 26. e5 1-0

[Event "Wch U20 59th"]
[Site "Cala Gonone"]
[Date "2022.10.14"]
[Round "4"]
[White "Candian, Lorenzo"]
[Black "Flores Quillas, Diego Saul Rodrigo"]
[Result "1/2-1/2"]
[WhiteElo "2022"]
[BlackElo "2291"]
[PlyCount "115"]
[EventDate "2022.10.12"]
[EventType "swiss"]
[EventRounds "11"]
[EventCountry "ITA"]
[SourceTitle "CBM 210 Extra"]
[Source "ChessBase"]
[SourceDate "2022.11.30"]
[SourceVersion "1"]
[SourceVersionDate "2022.11.30"]
[SourceQuality "1"]

1. e4 c5 2. Nf3 d6 3. d4 cxd4 4. Qxd4 Nc6 5. Bb5 Bd7 6. Bxc6 bxc6 7. c4 e5 8. Qd3 Nf6 9. Nc3 Qc7 10. Bg5 Be7 11. Rd1 Be6 12. Bxf6 gxf6 13. Nh4 Rg8 14. 0-0 Rd8 15. Rd2 Bf8 16. b4 Qb6 17. Rb1 Rg4 18. g3 Qd4 19. Qxd4 exd4 20. Rxd4 f5 21. h3 Bg7 22. hxg4 Bxd4 23. Ne2 Bb6 24. Nxf5 Bxc4 25. Nf4 Bxa2 26. Rd1 d5 27. exd5 cxd5 28. Re1+ Kd7 29. b5 Kc7 30. Rc1+ Kb8 31. Ne7 Kb7 32. Nc6 Re8 33. Rd1 Bc4 34. Nxd5 Bxb5 35. Nxb6 Kxb6 36. Nb4 a5 37. Nd5+ Kc5 38. Nc7 Rb8 39. Nxb5 Rxb5 40. Rd7 a4 41. Rxf7 a3 42. Kg2 Kb4 43. Rxh7 a2 44. Rh1 Kc3 45. Ra1 Kb2 46. Rxa2+ Kxa2 47. Kf3 Kb3 48. Ke4 Kc4 49. f4 Kc5 50. Ke5 Kc6+ 51. Ke6 Rb3 52. g5 Rxg3 53. Kf7 Rg4 54. g6 Rxf4+ 55. Ke6 Rg4 56. Kf7 Kd7 57. g7 Rf4+ 58. Kg6 1/2-1/2

[Event "Wch U20 59th"]
[Site "Cala Gonone"]
[Date "2022.10.13"]
[Round "3"]
[White "Abdulla, Younes Alkhemeiri"]
[Black "Candian, Lorenzo"]
[Result "0-1"]
[WhiteElo "1405"]
[BlackElo "2022"]
[PlyCount "58"]
[EventDate "2022.10.12"]
[EventType "swiss"]
[EventRounds "11"]
[EventCountry "ITA"]
[SourceTitle "CBM 210 Extra"]
[Source "ChessBase"]
[SourceDate "2022.11.30"]
[SourceVersion "1"]
[SourceVersionDate "2022.11.30"]
[SourceQuality "1"]

1. d4 Nf6 2. c4 c5 3. d5 e6 4. Nc3 exd5 5. cxd5 d6 6. e4 g6 7. Bb5+ Nbd7 8. Nf3 Bg7 9. 0-0 a6 10. Bxd7+ Nxd7 11. a4 0-0 12. Bf4 Qc7 13. Re1 Re8 14. Qc1 Rb8 15. Bh6 Bh8 16. Qd2 c4 17. Rac1 Nc5 18. Rcd1 Bg4 19. h3 Bxf3 20. gxf3 Qd7 21. Kh2 Nd3 22. Rg1 b5 23. axb5 axb5 24. Ne2 Nxf2 25. Nf4 Nxd1 26. Rxd1 Be5 27. Rg1 b4 28. Kg2 c3 29. bxc3 bxc3 0-1

[Event "Bassano del Grappa Easter op-A 2nd"]
[Site "Bassano del Grappa"]
[Date "2022.04.18"]
[Round "9"]
[White "Candian, Lorenzo"]
[Black "Ciolek, Andreas"]
[Result "0-1"]
[WhiteElo "2012"]
[BlackElo "2239"]
[PlyCount "80"]
[EventDate "2022.04.14"]
[EventType "swiss"]
[EventRounds "9"]
[EventCountry "ITA"]
[SourceTitle "EXT 2024"]
[Source "ChessBase"]
[SourceDate "2023.10.10"]
[SourceVersion "1"]
[SourceVersionDate "2023.10.10"]
[SourceQuality "1"]

1. e4 c5 2. Nf3 e6 3. d4 cxd4 4. Nxd4 Nf6 5. Nc3 Nc6 6. Bg5 Qb6 7. Nxc6 bxc6 8. Qd2 Qxb2 9. Rb1 Qa3 10. Bd3 Qa5 11. 0-0 h6 12. Nd5 Qxd2 13. Nxf6+ gxf6 14. Bxd2 Bc5 15. Rb3 Ke7 16. Rfb1 Bb6 17. a4 h5 18. a5 Bc7 19. f4 d6 20. Be2 Bd7 21. Rb7 Kd8 22. Bc3 Rh6 23. Bd4 c5 24. Bxc5 dxc5 25. Rd1 a6 26. e5 Kc8 27. Bf3 Rb8 28. Ra7 Bb5 29. c4 Bxc4 30. Bc6 Bb5 31. Rd7 Bxa5 32. Bxb5 axb5 33. Rxf7 Bb6 34. Rae7 c4+ 35. Kf1 fxe5 36. fxe5 c3 37. Ke2 b4 38. Kd3 b3 39. Kxc3 b2 40. Rf1 Bd8 0-1